000 00294nam a2200109Ia 4500
008 190216s9999||||xx |||||||||||||| ||und||
100 _aRajendran N
245 0 _aEstablishment Of British Power In Malabar 1664 To 1799
260 _b"Chugh Publications, India"
650 _aHistory
942 _cBK
999 _c19241
_d19241